Olivia Rodrigo - Paroles vampire - Statistiques

Statistiques générales
  • Ce quiz a été pris 673 fois
  • Le résultat moyen est 303 sur 388
Statistiques - réponses
Hint Réponse % Correct
I
98%
a
97%
you
96%
you,
96%
You
96%
the
94%
The
94%
oh
92%
Oh,
92%
to
92%
me
91%
me,
91%
vampire
90%
it
89%
it,
89%
Look
89%
look
89%
so
89%
your
88%
But
87%
but
87%
Couplet 1 Hate
87%
hate
87%
do
86%
was
86%
God,
84%
God
84%
as
83%
As
83%
how
83%
How
83%
(How
83%
love,
83%
love
83%
made
83%
naive
83%
at
82%
big
82%
mistakes
82%
way
82%
like
81%
real
81%
now
80%
one
80%
satisfaction,
80%
some
80%
Refrain 'Cause
79%
'cause
79%
for
79%
I've
79%
worst
79%
you're
79%
You're
79%
fine
78%
give
78%
know
78%
out
78%
out,
78%
doing
77%
into
77%
make
77%
night
77%
of
77%
strange
77%
think
77%
about?
76%
be
76%
care
76%
only
76%
smart
76%
asking
75%
come
75%
teeth
75%
when
75%
and
74%
Couplet 2 And
74%
Bloodsucker,
74%
famefucker
73%
goddamn
73%
got
73%
guy,
73%
true
73%
used
73%
lie
72%
lie,
72%
lie?)
72%
pretend
72%
sold
72%
Can't
71%
can't
71%
cool
71%
what
71%
girl
70%
that
70%
Just
69%
just
69%
parts
69%
dry,
68%
people
68%
said
68%
anyone,
67%
crazy,
67%
crazy
67%
too
67%
bad,
65%
bad
65%
ever
65%
heart
65%
known
65%
my
65%
should've
65%
castle
64%
never
64%
told
64%
wanted
64%
without
64%
called
63%
them
63%
would
63%
had
62%
mean
62%
built
61%
every
61%
news
61%
talked
61%
better
60%
convincing
60%
eyes
60%
hard?
60%
stupidity
60%
Bleedin'
59%
understand
59%
close
58%
her
58%
loved
58%
paradise
58%
torture
58%
truly
57%
were
57%
age
56%
not
56%
sometimes
56%
6
55%
months
55%
girls
54%
see
54%
tried
54%
How's
52%
laugh
52%
thing
52%
figure
51%
help
50%
wouldn't
50%
kind
49%
flinching?
48%
forbidden
48%
Gotta
48%
I'll
48%
parties
47%
diamonds
46%
sunk
46%
will
46%
up
45%
fucked
42%
off
41%
you've
41%
knows
40%
mesmerizing,
40%
little
39%
thrill
33%
paralyzing,
31%
think's
30%
Went
29%
Aucun quiz correspondant
Distribution des résultats
% des personnes avec chaque résultat
Percentile par nombre de réponses
Votre historique - résultats
Vous n’avez pas pris ce quiz